Revenue management s využitím metód operačného výskumu bakalárska práca

Guardado en:
Detalles Bibliográficos
Autor principal: Šebošík, Boris
Autor Corporativo: Fakulta hospodárskej informatiky EU. Katedra operačného výskumu a ekonometrie
Otros Autores: Oršulová, Anna
Formato: Libro
Lenguaje:eslovaco
Publicado: Bratislava 2010
Etiquetas: Agregar Etiqueta
Sin Etiquetas, Sea el primero en etiquetar este registro!

MARC

LEADER 00000nbm a2200000 4500
001 0136225
005 20160428114441.4
041 0 |a slo 
044 |a SK 
245 1 0 |a Revenue management s využitím metód operačného výskumu  |b bakalárska práca  |c Boris Šebošík ; školiteľ: Anna Oršulová 
264 1 |a Bratislava  |c 2010 
300 |a 39 s. 
100 1 |a Šebošík, Boris 
700 1 |a Oršulová, Anna 
710 2 |a Fakulta hospodárskej informatiky EU. Katedra operačného výskumu a ekonometrie